000 00381pab a2200157 454500
008 180718b1997 xxu||||| |||| 00| 0 eng d
100 _aTiwari, Ashok Kumar
245 _aCrime and criminal behaviour: its genesis and role of police
260 _c1997
300 _ap.15-20
362 _aApr
650 _aCrime
650 _aPolice
773 _aCBI Bulletin
909 _a33778
999 _c33778
_d33778